000 00443nam a2200193Ia 4500
005 20240913125539.0
008 240913s9999||||xx |||||||||||||| ||und||
020 _a0-12-74451-3
041 _aENGLISH
082 _A620.5 P1
100 _aYing,Jackie Y Ed.
245 0 _aNanostructured Materials
250 _a1st
260 _c2001
_bAcademic
500 _aREFERENCE
650 _aNano
_bMechanical
942 _cREF
999 _c245774
_d245774